| 000 | 00929cab a2200301 4500 | ||
|---|---|---|---|
| 001 | WB3221-03 | ||
| 008 | 090401t1996 xxu||||| |||| 00| 0 eng d | ||
| 035 | _a(Sirsi) u13756 | ||
| 041 | _aeng | ||
| 245 | 4 | _aThe white elephant trumpets | |
| 260 | _c1996 | ||
| 350 | _a0 | ||
| 490 |
_aTimes _v27 May 1996, 11(1) |
||
| 520 | _aThe consortium owners of Battersea Power Station, Parkview, is close to signing a £200m deal which could transform the redundant building into a series of cinemas, film and television studios, or sports complex. | ||
| 650 | _aBAA | ||
| 650 | _aBATTERSEA POWER STATION | ||
| 650 | _aCINEMAS | ||
| 650 | _aLEISURE CENTRES | ||
| 650 | _aMCARTHUR/GLEN | ||
| 650 | _aPARKVIEW | ||
| 650 | _aREALLY USEFUL GROUP | ||
| 650 | _aREDUNDANT BUILDINGS | ||
| 650 | _aSTUDIOS | ||
| 690 | _aPROPERTY-COMMERCIAL PROPERTY | ||
| 690 | _aLEISURE AND RECREATION | ||
| 942 | _n0 | ||
| 948 | _c04/03/1997 | ||
| 999 |
_c8861 _d8861 |
||